Vzťah práva Európskej únie a medzinárodného práva verejného
Analýza vzťahu práva Európskej únie a medzinárodného práva verejného v duchu zakladajúcich zmlúv Európskej únie spojenej s analýzou vybranej judikatúry Súdneho dvoru Európskej únie v oblasti vzťahu medzinárodného verejného práva a práva Európskej únie.
Gespeichert in:
| 1. Verfasser: | |
|---|---|
| Format: | Buchkapitel |
| Sprache: | Slowakisch |
| Schlagworte: | |
| Tags: |
Keine Tags, Fügen Sie das erste Tag hinzu!
|
MARC
| LEADER | 00000naa a2200000 4500 | ||
|---|---|---|---|
| 001 | 0251161 | ||
| 005 | 20190220094610.4 | ||
| 041 | 0 | |a slo | |
| 044 | |a SK | ||
| 245 | 1 | 0 | |a Vzťah práva Európskej únie a medzinárodného práva verejného |c Juraj Jankuv |
| 520 | |a Analýza vzťahu práva Európskej únie a medzinárodného práva verejného v duchu zakladajúcich zmlúv Európskej únie spojenej s analýzou vybranej judikatúry Súdneho dvoru Európskej únie v oblasti vzťahu medzinárodného verejného práva a práva Európskej únie. | ||
| 610 | 2 | 0 | |a právo medzinárodné |
| 610 | 2 | 0 | |a právo verejné medzinárodné |
| 610 | 2 | 0 | |a právo európske |
| 610 | 2 | 0 | |a prostredie životné |
| 610 | 2 | 0 | |a Európska únia |
| 610 | 2 | 0 | |a Súdny dvor Európskej únie |
| 100 | 1 | |a Jankuv, Juraj | |